| 000 | 00568nam a22001817a 4500 | ||
|---|---|---|---|
| 005 | 20260603111240.0 | ||
| 010 | _aENG-148728 | ||
| 020 |
_a9789357313872 _c799.00 |
||
| 035 | _aEN-132260 | ||
| 037 | _bDBAD/PUB | ||
| 082 | _aS | ||
| 100 | _aSebastian, Pradeep | ||
| 245 |
_aAn Inky Parade: _cPradeep Sebastian _bTales for Bibliophiles/ |
||
| 260 |
_aGurugram _bHachette Book Publishing India Pvt. Ltd _c2024 |
||
| 270 |
_a4th & 5th Floors, Corporate Centre, Plot No. 94, Sector 44, _bGurugram _e122003 |
||
| 300 |
_a329 p. _c20.5 cm(hb) |
||
| 942 |
_2ddc _cEN _hS _mSEB |
||
| 999 |
_c216458 _d216458 |
||